000 00599nam a22002177a 4500
003 UA-OsUOA
001 68217
007 ta
008 20100409b un ||||| |||| 00| 0 ukr d
100 _aСазанов В.Н.
090 _a101
_bС14
942 _cSA
040 _aUA-OsUOA
_brus
_cUA-OsUOA
_dUA-OsUOA
245 _aПрирода явлений в метафизике духа
300 _aС.87-94
955 _a0
041 _arus
080 _a101
773 0 _w68216
_tВопросы гуманитарных наук
_dМ.
_d2009
_g2
650 7 _a1 Філософські науки
_2UDC
999 _c354376
_d354376